De l'éclosion des graines de vers a soie (Record no. 158519)

MARC details
000 -LEADER
campo de control de longitud fija 00971nam a22002295i 4500
001 - NÚMERO DE CONTROL
campo de control 158519
003 - IDENTIFICADOR DE NÚMERO DE CONTROL
campo de control ES-MaACL
005 - FECHA Y HORA DE LA ÚLTIMA TRANSACCIÓN
campo de control 20230906211159.0
008 - DATOS DE LONGITUD FIJA--INFORMACIÓN GENERAL
campo de control de longitud fija 040831s1876 fr |||| | fre d
040 ## - FUENTE DE CATALOGACIÓN
Centro catalogador/agencia de origen CAM
Lengua de catalogación spa
Centro/agencia transcriptor CAM
100 1# - ENTRADA PRINCIPAL--NOMBRE DE PERSONA
Nombre de persona Maillot, Eugène.
9 (RLIN) 129359
245 10 - MENCIÓN DEL TÍTULO
Título De l'éclosion des graines de vers a soie
Resto del título : par le frottement, l'électricité et l'hivernation artificielle /
Mención de responsabilidad, etc. revué des travaux les plus récents par E. Maillot.
260 ## - PUBLICACIÓN, DISTRIBUCIÓN, ETC.
Lugar de publicación, distribución, etc. Montpellier :
Nombre del editor, distribuidor, etc. Imprimerie Centrale :
-- Coulet, libraire-éditeur,
Fecha de publicación, distribución, etc. 1876.
300 ## - DESCRIPCIÓN FÍSICA
Extensión 23 p. ;
Dimensiones 28 cm.
490 1# - MENCIÓN DE SERIE
Mención de serie Mémoires et documents sur la sériciculture
594 ## - Nota al título y mención de responsabilidad
Nota al título y mención de responsabilidad Precede al tít.: Station Séricole de Montpellier, E. Maillot, directeur.
650 #4 - PUNTO DE ACCESO ADICIONAL DE MATERIA--TÉRMINO DE MATERIA
Término de materia o nombre geográfico como elemento de entrada Sericicultura.
9 (RLIN) 136864
650 #4 - PUNTO DE ACCESO ADICIONAL DE MATERIA--TÉRMINO DE MATERIA
Término de materia o nombre geográfico como elemento de entrada Gusanos de seda.
9 (RLIN) 136213
830 0# - PUNTO DE ACCESO ADICIONAL DE SERIE-TÍTULO UNIFORME
Título uniforme Mémoires et documents sur la sériciculture
9 (RLIN) 221863
852 ## - LOCALIZACIÓN
Ubicación ES-MaACL
Número de control de estantería T-664-F-3
Nota libre -- Enc. hol.
-- -- Enc. en un vol. facticio
Holdings
Estatus retirado Estado de pérdida Estado de daño No para préstamo Colección Biblioteca de origen Biblioteca actual Ubicación en estantería Fecha de adquisición Total de préstamos Signatura topográfica completa Código de barras Visto por última vez Precio de reemplazo Tipo de ítem Koha
        Colección de folletos Biblioteca del Ateneo de Madrid Biblioteca del Ateneo de Madrid Depósito folletos 17/01/2008   T-664-F-3 1165917 23/02/2023 23/02/2023 Folleto